All Teams to Ever Play a FIVB Volleyball World Championship - Statistics

General Stats
  • This quiz has been taken 129 times
  • The average score is 45 of 61
Answer Stats
# Top Finish Team % Correct
17 Winner Brazil
97%
15 3rd place Japan
97%
17 Winner Poland
97%
19 Winner Russia / Soviet Union
97%
16 Winner United States
97%
14 7th place China
96%
16 3rd place France
95%
17 Winner Italy
93%
6 3rd place Germany /West Germany
92%
11 7th place Canada
90%
12 3rd place Argentina
89%
15 Runner-up Cuba
89%
5 10th place Mexico
89%
12 Runner-up Netherlands
89%
9 4th place South Korea
89%
3 8th place Spain
88%
4 3rd place Serbia /Serbia and Montenegro
87%
6 6th place Iran
86%
16 Winner Czech Republic / Czechoslovakia
85%
7 14th place Australia
82%
9 13th place Egypt
82%
2 10th place Sweden
82%
3 15th place Turkey
82%
8 9th place Finland
81%
1 12th place Slovenia
81%
18 Runner-up Bulgaria
80%
2 8th place Portugal
80%
9 8th place Belgium
79%
1 10th place Ukraine
78%
10 15th place Tunisia
76%
1 23rd place Chile
75%
1 19th place Croatia
75%
5 6th place Greece
75%
1 14th place Peru
75%
2 19th place Austria
74%
10 Runner-up Romania
74%
11 10th place Venezuela
71%
6 Runner-up Yugoslavia /FR Yugoslavia
71%
2 13th place Algeria
68%
1 13th place Uruguay
68%
1 22nd place Denmark
67%
8 5th place Hungary
67%
2 8th place India
67%
2 9th place North Korea
66%
7 Winner East Germany
65%
2 22nd place Dominican Republic
64%
1 20th place Iraq
64%
1 24th place Panama
63%
1 12th place Paraguay
62%
1 19th place Thailand
61%
4 10th place Israel
60%
1 15th place Chinese Taipei
56%
4 13th place Cameroon
55%
2 19th place Kazakhstan
55%
5 12th place Puerto Rico
46%
1 16th place Albania
44%
3 16th place Mongolia
42%
1 24th place Libya
39%
1 9th place Lebanon
32%
1 23rd place Luxembourg
24%
1 24th place Guinea
6%
No matching quizzes found
Score Distribution
Percent of People with Each Score
Percentile by Number Answered
Your Score History
You have not taken this quiz